000 00486nam a2200193Ia 4500
005 20250923144752.0
008 008 250917s9999 xx 000 0 eng d
037 _aTextual
040 _aDSWL
_beng
_cDSWL
041 _aeng
_2eng
084 _qDSWL
245 0 _aDictionary of the underworld-British & American
260 _aLondon
_broutledge& Kegan Paul
_c1949
300 _axv,817p.
365 _aINR
_b10
925 _g10
942 _cTEXL
999 _c1443107
_d1443107